Normal view
MARC view
Entry Personal Name
001 - CONTROL NUMBER
- control field: 26341
003 - CONTROL NUMBER IDENTIFIER
- control field: Doon University
005 - DATE AND TIME OF LATEST TRANSACTION
- control field: 20260218160604.0
008 - FIXED-LENGTH DATA ELEMENTS
- fixed length control field: 260218|| aca||aabn | a|a d
040 ## - CATALOGING SOURCE
- Original cataloging agency: Doon University
- Transcribing agency: Doon University
100 ## - HEADING--PERSONAL NAME
- Personal name: Kasting, James F
670 ## - SOURCE DATA FOUND
- Source citation: Work cat.: (Doon University)60391: Kump, Lee R. 26340, Earth System, 2016